[Event "Sinquefield Cup 2025"]
[Site "Saint Louis"]
[Date "18.08.2025"]
[Round "1"]
[White "Sevian, Samuel"]
[Black "So, Wesley"]
[Result "1/2-1/2"]
[WhiteElo "2683"]
[BlackElo "2745"]
[EventDate "2025.08.16"]

1. d4 Nf6 2. c4 e6 3. Nc3 Bb4 4. e3 O-O 5. Bd3 d5 6. Nf3 c5 7. O-O cxd4 8.
exd4 dxc4 9. Bxc4 b6 10. Qa4 Bxc3 11. bxc3 Bb7 12. Be2 Nc6 13. Rd1 Na5 14.
c4 Rc8 15. Ne5 Ne4 16. Qb4 f6 17. Nf3 Nd6 18. d5 exd5 19. cxd5 Re8 20. Bd3
Nac4 21. Bf4 Ne5 22. Nxe5 fxe5 23. Be3 Qf6 24. Qa4 Ra8 25. Rac1 Qf7 26. Qh4
h6 27. Qg4 Qf6 28. Bb1 Red8 29. Qe6+ Nf7 30. Bf5 Rd6 31. Qxf6 gxf6 32. Be6
Rad8 33. Rc7 Rxe6 34. Rxb7 Red6 35. Rxa7 Rxd5 36. Rxd5 Rxd5 37. g4 b5 38.
Kg2 Kg7 39. h4 f5 40. gxf5 Kf6 41. h5 e4 42. Kg3 Rxf5 43. Ra6+ Ke7 44. Kg4
Rd5 45. a3 Ne5+ 46. Kf5 Nc4+ 47. Kxe4 Rxh5 48. Rxh6 Rxh6 49. Bxh6 Nxa3 50.
Bc1 Nc4 51. Kd5 Kf6 52. Kc5 Kf5 53. Kxb5 Ne5 54. f4 Nd3 55. Bd2 Nxf4 56. Bxf4 Kxf4 1/2-1/2

[Event "Sinquefield Cup 2025"]
[Site "Saint Louis"]
[Date "18.08.2025"]
[Round "1"]
[White "Vachier-Lagrave, Maxime"]
[Black "Firouzja, Alireza"]
[Result "1/2-1/2"]
[WhiteElo "2736"]
[BlackElo "2766"]
[EventDate "2025.08.16"]

1. e4 e5 2. Nf3 Nc6 3. Bb5 a6 4. Ba4 b5 5. Bb3 Na5 6. O-O d6 7. d4 exd4 8.
Re1 Nxb3 9. axb3 c5 10. c3 Bb7 11. cxd4 Be7 12. Nc3 Nf6 13. Nh4 b4 14. Nd5
Nxd5 15. exd5 O-O 16. Nf5 Bf6 17. Bf4 cxd4 18. Qf3 Qd7 19. Nxd6 a5 20. Rac1
Ra6 21. Nxb7 Qxb7 22. Rc7 Qa8 23. Qd3 a4 24. bxa4 Rxa4 25. d6 Ra1 26. Rcc1
Rxc1 27. Rxc1 Qd5 28. Qc4 Qxc4 29. Rxc4 g5 30. Bd2 Rd8 31. Bxb4 d3 32. Kf1
Bxb2 33. Rc5 f6 34. Rd5 Rd7 35. h4 h6 36. Rxd3 Kf7 37. Ke2 Be5 38. Kf3 f5
39. hxg5 hxg5 40. g4 Ke6 41. Bc5 Bf4 42. Ba3 Be5 43. Bb4 fxg4+ 44. Kxg4 Rh7
45. Bd2 Rh4+ 46. Kxg5 Bf6+ 47. Kg6 Rg4+ 48. Kh7 Rd4 49. Rxd4 Bxd4 50. f4
Kxd6 51. Kg6 Ke7 52. Bb4+ Ke8 53. f5 Be5 54. Bc5 Bc3 55. Be3 Kf8 56. Bg5
Kg8 57. f6 Bxf6 58. Bxf6 1/2-1/2

[Event "Sinquefield Cup 2025"]
[Site "Saint Louis"]
[Date "18.08.2025"]
[Round "1"]
[White "Abdusattorov, Nodirbek"]
[Black "Aronian, Levon"]
[Result "0-1"]
[WhiteElo "2771"]
[BlackElo "2737"]
[EventDate "2025.08.16"]

1. d4 e6 2. c4 Nf6 3. Nc3 Bb4 4. e3 O-O 5. Nge2 c6 6. a3 Ba5 7. Bd2 d5 8.
Ng3 Nbd7 9. cxd5 exd5 10. Bd3 Re8 11. O-O Bc7 12. Qc2 Nf8 13. f3 h5 14.
Rae1 h4 15. Nh1 Ne6 16. Nf2 Qd6 17. f4 Bd7 18. Qd1 a5 19. e4 dxe4 20. Nfxe4
Nxe4 21. Nxe4 Qxd4+ 22. Be3 Qd5 23. f5 Nf8 24. Qg4 Nh7 25. Bb1 g6 26. Qxh4
Bxf5 27. Ng5 Nxg5 28. Rxf5 Qd6 29. Qxg5 Rxe3 30. Qxe3 gxf5 31. g3 f4 32.
gxf4 Qh6 33. Kh1 Bxf4 34. Qe2 Rd8 35. Ba2 Qh4 36. Rf1 b5 37. a4 Kf8 38. Qc2
bxa4 39. Qc5+ Rd6 40. Qc2 Rf6 41. Rf2 Bxh2 0-1

[Event "Sinquefield Cup 2025"]
[Site "Saint Louis"]
[Date "18.08.2025"]
[Round "1"]
[White "Praggnanandhaa, Rameshbabu"]
[Black "Gukesh, Dommaraju"]
[Result "1-0"]
[WhiteElo "2779"]
[BlackElo "2776"]
[EventDate "2025.08.16"]

1. d4 Nf6 2. c4 e6 3. Nc3 Bb4 4. e3 O-O 5. Bd3 d5 6. a3 dxc4 7. Bxc4 Be7 8.
Nf3 c5 9. O-O a6 10. dxc5 Qxd1 11. Rxd1 Bxc5 12. Be2 Nc6 13. b4 Ba7 14. Bb2
Rd8 15. Ne5 Bd7 16. Nxd7 Nxd7 17. Ne4 Nb6 18. Nc5 Rab8 19. Rxd8+ Nxd8 20.
Be5 Ra8 21. e4 Bb8 22. Bd4 Nc8 23. Rd1 Bd6 24. Be5 Be7 25. Bc7 Nc6 26. Nxb7
g5 27. Bf1 g4 28. Rc1 Nd4 29. a4 f6 30. e5 Na7 31. Bd6 Nac6 32. b5 axb5 33.
axb5 Bxd6 34. exd6 Ne5 35. Rd1 Rb8 36. Nc5 1-0

[Event "Sinquefield Cup 2025"]
[Site "Saint Louis"]
[Date "18.08.2025"]
[Round "1"]
[White "Caruana, Fabiano"]
[Black "Duda, Jan-Krzysztof"]
[Result "1/2-1/2"]
[WhiteElo "2784"]
[BlackElo "2725"]
[EventDate "2025.08.16"]

1. d4 d5 2. Nf3 Nf6 3. c3 a5 4. Bf4 Bf5 5. Nh4 Bd7 6. Nd2 e6 7. Nhf3 c5 8.
e3 Bc6 9. a4 Nbd7 10. h3 Be7 11. Be2 O-O 12. O-O Qb6 13. Qc2 Rfc8 14. Bd3
Qd8 15. Ne5 Nf8 16. Bh2 N6d7 17. Ndf3 Nxe5 18. Nxe5 Be8 19. Qe2 Bd6 20.
Rfd1 f6 21. Nf3 Bxh2+ 22. Nxh2 cxd4 23. exd4 Qd6 24. Re1 Rc7 25. Nf1 Bf7
26. Ne3 Re8 27. Rad1 Ree7 28. g3 Bg6 29. Bxg6 hxg6 30. h4 Qa6 31. Qc2 b5
32. axb5 Qxb5 33. Ng2 Rb7 34. Rd2 Qb3 35. Qd3 Qa2 36. Rb1 Rb3 37. Qf1 Qa4
38. Nf4 Qb5 39. Nd3 Nd7 40. Qd1 a4 41. Ra1 e5 42. Qe2 Nb6 43. Nc5 Qxe2 44.
Rxe2 Rb5 45. Ra3 Kf7 46. Nxa4 exd4 47. Rxe7+ Kxe7 48. cxd4 Nxa4 49. Rxa4
Rxb2 50. Ra7+ Kf8 51. Ra5 Rb4 52. Rxd5 Ke7 53. Kg2 Ke6 54. Rd8 Ke7 55. Rd5
Ke6 56. Rd8 Ke7 57. Rd5 Ke6 1/2-1/2

[Event "Sinquefield Cup 2025"]
[Site "Saint Louis"]
[Date "19.08.2025"]
[Round "2"]
[White "Praggnanandhaa, Rameshbabu"]
[Black "Caruana, Fabiano"]
[Result "1/2-1/2"]
[WhiteElo "2779"]
[BlackElo "2784"]
[EventDate "2025.08.16"]

1. e4 c5 2. Nf3 Nc6 3. Bb5 g6 4. O-O Bg7 5. Re1 Nf6 6. Bxc6 bxc6 7. e5 Nd5
8. c4 Nc7 9. Nc3 O-O 10. d4 cxd4 11. Qxd4 Ne6 12. Qh4 f6 13. exf6 exf6 14.
Nd4 f5 15. Qxd8 Nxd8 16. Rd1 Re8 17. Be3 d6 18. Rac1 Rb8 19. Nb3 Nf7 20.
Bxa7 Rb4 21. Re1 Rxe1+ 22. Rxe1 Kf8 23. Bd4 Bxd4 24. Nxd4 Rxb2 25. Nxc6 Rc2
26. Ne2 Rxa2 27. Ned4 Ra4 28. Rc1 Kg7 29. h3 Kf6 30. c5 dxc5 31. Rxc5 Bd7
32. Nf3 Bxc6 33. Rxc6+ Kg7 34. Rc7 Kf6 35. Rc6+ Kg7 36. Rc7 Kf6 37. Rc6+
1/2-1/2

[Event "Sinquefield Cup 2025"]
[Site "Saint Louis"]
[Date "19.08.2025"]
[Round "2"]
[White "Aronian, Levon"]
[Black "Sevian, Samuel"]
[Result "1/2-1/2"]
[WhiteElo "2737"]
[BlackElo "2683"]
[EventDate "2025.08.16"]

1. e4 e6 2. d4 d5 3. Nc3 Nf6 4. e5 Nfd7 5. f4 c5 6. Nf3 Nc6 7. Bd3 cxd4 8.
Ne2 Bb4+ 9. Bd2 Be7 10. Nexd4 Nc5 11. Be3 Qa5+ 12. c3 Nxd4 13. Nxd4 Nxd3+
14. Qxd3 Bd7 15. O-O Qa6 16. Qd2 O-O 17. Rf3 f6 18. exf6 Bxf6 19. Nb3 Be8
20. Bc5 Rf7 21. Qe3 Ba4 22. Re1 Bxb3 23. axb3 Re8 24. Bxa7 Qa2 25. b4 Qxb2
26. Bd4 Qa2 27. h3 Qc4 28. Be5 h6 29. Kh2 Ref8 30. Qb6 Qc6 31. Qd4 Bxe5 32.
Qxe5 Rf6 33. Rg3 R8f7 34. Ra1 Rxf4 35. b5 Qc8 36. Rxg7+ Rxg7 37. Qxf4 Qxc3
38. Ra8+ Kh7 39. Qb8 Qc7+ 40. Qxc7 Rxc7 41. Re8 d4 42. Rxe6 Rd7 43. Kg3 d3
44. Re1 d2 45. Rd1 Kg6 46. Kf4 Kh5 47. g3 Rd3 48. b6 Rd6 49. Ke3 Rg6 50.
Kf2 Rf6+ 51. Ke3 Rg6 52. Kf2 Rf6+ 53. Ke3 Rg6 1/2-1/2

[Event "Sinquefield Cup 2025"]
[Site "Saint Louis"]
[Date "19.08.2025"]
[Round "2"]
[White "So, Wesley"]
[Black "Vachier-Lagrave, Maxime"]
[Result "1/2-1/2"]
[WhiteElo "2745"]
[BlackElo "2736"]
[EventDate "2025.08.16"]

1. d4 Nf6 2. c4 g6 3. Nc3 d5 4. cxd5 Nxd5 5. e4 Nxc3 6. bxc3 Bg7 7. Nf3 c5
8. h3 O-O 9. Be2 cxd4 10. cxd4 Nc6 11. Be3 Qa5+ 12. Bd2 Qa3 13. d5 Ne5 14.
Rb1 Bd7 15. Nxe5 Bxe5 16. Rxb7 Ba4 17. Qc1 Qxa2 18. Bc4 Qc2 19. Qxc2 Bxc2
20. Rxe7 Bf6 21. Rc7 Be5 22. d6 Bxe4 23. O-O Bxd6 24. Rd7 Rfd8 25. Rxf7 Bd5
26. Bxd5 Bh2+ 27. Kxh2 Rxd5 28. Rc7 Rxd2 29. f3 Rdd8 30. Ra1 a5 31. Rc5 a4
32. Rc4 a3 33. Rc3 Kg7 34. Raxa3 Rxa3 35. Rxa3 h5 36. Kg3 Rd4 37. f4 Rb4
38. Ra7+ Kf6 39. Ra6+ Kg7 40. Ra5 Kf6 41. Rg5 Ra4 42. Rb5 Rc4 43. Rg5 Ra4
44. Rb5 Rc4 45. Rg5 Ra4 1/2-1/2

[Event "Sinquefield Cup 2025"]
[Site "Saint Louis"]
[Date "19.08.2025"]
[Round "2"]
[White "Firouzja, Alireza"]
[Black "Duda, Jan-Krzysztof"]
[Result "1-0"]
[WhiteElo "2766"]
[BlackElo "2725"]
[EventDate "2025.08.16"]

1. e4 e5 2. Nf3 Nc6 3. Bb5 a6 4. Ba4 Nf6 5. O-O Nxe4 6. d4 b5 7. Bb3 d5 8.
dxe5 Be6 9. c3 Bc5 10. Nbd2 O-O 11. Bc2 Nxf2 12. Rxf2 Bxf2+ 13. Kxf2 f6 14.
Nf1 fxe5 15. Kg1 Bg4 16. Ne3 Be6 17. b4 a5 18. Bb3 axb4 19. Nxd5 Kh8 20.
Be3 bxc3 21. Ng5 Bg8 22. Qh5 h6 23. Ne4 Bxd5 24. Bxh6 Qe8 25. Qg5 Qe7 26.
Bxd5 Rad8 27. Qh5 gxh6 28. Qxh6+ Qh7 29. Qxc6 c2 30. Bb3 Rd4 31. Re1 Qh4
32. g3 Qh3 33. Qxc2 Qf5 34. Qe2 b4 35. Nc5 Rf6 36. Bc2 Qf3 37. Qxf3 Rxf3
38. Re2 Rc3 39. Ne6 Rd6 40. Ng5 Rd7 41. Bb3 Kg7 42. Re1 Rdd3 43. Rf1 c5 44.
Bf7 Kh6 45. Ne4 Rc2 46. Bb3 Rb2 47. Rf6+ Kg7 48. Rf7+ Kh6 49. Rf6+ Kg7 50.
Rf7+ Kh6 51. Nxc5 Rdd2 52. Ne4 Rg2+ 53. Kf1 Rxh2 54. Rf2 Kg6 55. Rxh2 Rxh2
56. Nf2 Kf5 57. Ke2 Rh8 58. Ke3 Rd8 59. g4+ Kf6 60. Ne4+ Kg6 61. Be6 Kg7
62. Bb3 Kg6 63. Nf2 Kf6 64. Nd3 Rd4 65. g5+ Kxg5 66. Nxe5 Rf4 67. Nf3+ Kg4
68. Be6+ Kg3 69. Ne5 Rf6 70. Bd5 Rf4 71. Nd3 Rh4 72. Be4 Rh2 73. Bd5 Rh4
74. Ne5 Rf4 75. Nc6 Rh4 76. Kd3 Rf4 77. Bc4 Kg4 78. Nxb4 Kf5 79. Nc6 Rf3+
80. Kd4 Ra3 81. Kc5 Rxa2 82. Bxa2 Ke4 83. Bb1+ Ke3 84. Kd5 Kf3 85. Ke5 Ke3
86. Be4 Ke2 87. Kd4 Kf2 88. Ne5 Ke2 89. Nd3 Kd1 90. Nf4 Kd2 91. Bd3 Kd1 92.
Ne2 Kd2 93. Ke4 Ke1 94. Ke3 Kf1 95. Nf4+ Ke1 96. Bc2 Kf1 97. Bb3 Ke1 98.
Ng2+ Kf1 99. Kf3 Kg1 100. Kg3 1-0

[Event "Sinquefield Cup 2025"]
[Site "Saint Louis"]
[Date "19.08.2025"]
[Round "2"]
[White "Gukesh, Dommaraju"]
[Black "Abdusattorov, Nodirbek"]
[Result "1-0"]
[WhiteElo "2776"]
[BlackElo "2771"]
[EventDate "2025.08.16"]

1. e4 e5 2. Nf3 Nc6 3. Bb5 a6 4. Ba4 Nf6 5. O-O Nxe4 6. d4 b5 7. Bb3 d5 8.
dxe5 Be6 9. Nbd2 Nc5 10. c3 d4 11. Bc2 d3 12. Bb1 Qd5 13. Re1 O-O-O 14. Ng5
Nxe5 15. a4 Bd6 16. axb5 axb5 17. Ba2 Nc4 18. b4 Nd7 19. Bxc4 bxc4 20. Ra5
Qc6 21. Ndf3 Bd5 22. Nd4 Qb7 23. Be3 h6 24. Ngf3 Nb6 25. Nd2 h5 26. Nb5 Bc6
27. Na7+ Kb8 28. Nxc6+ Qxc6 29. Nf3 Rhe8 30. Nd4 Qe4 31. b5 Kb7 32. Nc6 Qd5
33. Nxd8+ Rxd8 34. Qa1 Kb8 35. Qa2 Re8 36. Qd2 Re4 37. Raa1 h4 38. Bxb6
cxb6 39. Rxe4 Qxe4 40. Qa2 Kc8 41. Qa6+ Kd7 42. Qxb6 Qe5 43. Qc6+ Ke7 44.
g3 d2 45. Qxc4 Qe1+ 46. Qf1 Qe5 47. Rd1 hxg3 48. hxg3 Bc5 49. Rxd2 Qxg3+
50. Qg2 1-0

[Event "Sinquefield Cup 2025"]
[Site "Saint Louis"]
[Date "20.08.2025"]
[Round "3"]
[White "Sevian, Samuel"]
[Black "Gukesh, Dommaraju"]
[Result "1/2-1/2"]
[WhiteElo "2683"]
[BlackElo "2776"]
[EventDate "2025.08.16"]

1. e4 c5 2. Nf3 Nc6 3. Bb5 g6 4. O-O Bg7 5. c3 Nf6 6. Re1 O-O 7. d4 a6 8.
Bxc6 dxc6 9. h3 cxd4 10. cxd4 c5 11. d5 b5 12. Nc3 Bb7 13. Bf4 c4 14. Be5
e6 15. dxe6 fxe6 16. Bd6 Re8 17. a4 Qb6 18. axb5 axb5 19. Rxa8 Rxa8 20. e5
Ne8 21. Bb4 Rd8 22. Qe2 Qc6 23. Rd1 Rxd1+ 24. Nxd1 Nc7 25. Bd6 Ne8 26. Bb4
Qc7 27. Nc3 Bxf3 28. Qxf3 Qxe5 29. g3 Nc7 30. Qc6 h5 31. Kg2 Nd5 32. Qxb5
h4 33. Qxc4 hxg3 34. Nxd5 exd5 35. Qc8+ Kh7 36. Qg4 g5 37. Bc3 d4 38. Qxd4
Qxd4 39. Bxd4 Bxd4 40. Kxg3 Kg6 41. f4 gxf4+ 42. Kxf4 Bxb2 43. h4 Bf6 44.
Ke4 Bxh4 1/2-1/2

[Event "Sinquefield Cup 2025"]
[Site "Saint Louis"]
[Date "20.08.2025"]
[Round "3"]
[White "Abdusattorov, Nodirbek"]
[Black "Praggnanandhaa, Rameshbabu"]
[Result "1/2-1/2"]
[WhiteElo "2771"]
[BlackElo "2779"]
[EventDate "2025.08.16"]

1. c4 e6 2. Nc3 Bb4 3. e4 d6 4. d4 c5 5. Nge2 cxd4 6. Nxd4 Nc6 7. Nxc6 bxc6
8. Bd3 Nf6 9. O-O O-O 10. Qc2 e5 11. Na4 Ba5 12. Rb1 Rb8 13. a3 c5 14. Rd1
Qe7 15. Nc3 Bxc3 16. Qxc3 Be6 17. f3 Rfc8 18. Be3 Qc7 19. Rd2 h6 20. Bc2
Qc6 21. Rbd1 Rd8 22. b3 Rd7 23. h4 Rbd8 24. b4 cxb4 25. Qxb4 Qxc4 26. Qxc4
Bxc4 27. Ba4 Rb7 28. Rxd6 Rxd6 29. Rxd6 Nh5 30. Rc6 Be6 31. Rc5 Rb1+ 32.
Rc1 Rb7 33. Bd1 Rb2 34. Kh2 Nf4 35. Rc2 Rb1 36. Rd2 a6 37. g3 Bb3 38. gxf4
Bxd1 39. Kg3 exf4+ 40. Kxf4 Bb3 41. Bd4 Rd1 42. Rxd1 Bxd1 43. Bc3 Be2 44.
Bd4 Bd1 45. Bc3 Be2 46. Bd4 Bd1 1/2-1/2

[Event "Sinquefield Cup 2025"]
[Site "Saint Louis"]
[Date "20.08.2025"]
[Round "3"]
[White "Caruana, Fabiano"]
[Black "Firouzja, Alireza"]
[Result "1-0"]
[WhiteElo "2784"]
[BlackElo "2766"]
[EventDate "2025.08.16"]

1. d4 Nf6 2. c4 e6 3. Nc3 Bb4 4. Nf3 b6 5. Bd2 Bb7 6. g3 Bxc3 7. Bxc3 Ne4
8. Rc1 d6 9. Bg2 O-O 10. O-O Nd7 11. d5 Nxc3 12. Rxc3 e5 13. e4 a5 14. Nd2
c6 15. Re1 cxd5 16. cxd5 Nc5 17. Qe2 f5 18. exf5 Rxf5 19. Ne4 Qe7 20. Qb5
Qc7 21. b3 Raf8 22. a3 Qd8 23. Nxc5 dxc5 24. Rc2 Qd6 25. Rd2 Kh8 26. Be4
R5f6 27. Bg2 Rf5 28. Re3 h6 29. a4 Qf6 30. Ree2 Qd6 31. h4 R5f6 32. Qd3 Bc8
33. Qe4 Ba6 34. Re3 c4 35. bxc4 Qb4 36. Qc2 Qxc4 37. Qxc4 Bxc4 38. d6 Rd8
39. d7 Kg8 40. Rxe5 Kf7 41. Rd4 Ba2 42. Re2 Bb3 43. Re3 Ba2 44. Bf1 Kf8 45.
Bb5 Re6 46. Rd2 1-0

[Event "Sinquefield Cup 2025"]
[Site "Saint Louis"]
[Date "20.08.2025"]
[Round "3"]
[White "Vachier-Lagrave, Maxime"]
[Black "Aronian, Levon"]
[Result "1/2-1/2"]
[WhiteElo "2736"]
[BlackElo "2737"]
[EventDate "2025.08.16"]

1. e4 e6 2. d4 d5 3. Nc3 Nf6 4. e5 Nfd7 5. f4 c5 6. Nf3 Nc6 7. Be3 cxd4 8.
Nxd4 Qb6 9. Qd2 Qxb2 10. Rb1 Qa3 11. Bb5 Nxd4 12. Bxd4 a6 13. Bxd7+ Bxd7
14. Rb3 Qe7 15. Rxb7 Qd8 16. O-O Qc8 17. Rb3 Qc4 18. Nd1 Bc5 19. c3 Be7 20.
Ne3 Qc8 21. f5 exf5 22. Nxd5 Bd8 23. e6 fxe6 24. Bxg7 Rg8 25. Nf6+ Bxf6 26.
Bxf6 Bc6 27. g3 Rg6 28. Be5 Bb5 29. Re1 Qc5+ 30. Bd4 Rd8 31. Qf4 Qd5 32.
Re5 Qc4 33. Rb2 Rd5 34. Rxd5 Qxd5 35. Qb8+ Qd8 36. Qe5 Qg5 37. Rb1 f4 38.
Qb8+ Ke7 39. Qc7+ Ke8 40. Qb8+ Ke7 41. Qc7+ Ke8 42. c4 fxg3 43. Qc8+ Qd8
44. Qxd8+ Kxd8 45. cxb5 gxh2+ 46. Kxh2 axb5 47. Rxb5 Rg4 48. Bb2 Kc7 49.
Kh3 Re4 50. Kg3 Kc6 51. Ra5 h5 52. Kf3 Rc4 53. Bf6 Rc5 54. Ra6+ Kb7 55.
Rxe6 Ra5 56. Bd4 Rxa2 57. Rb6+ Kc7 58. Ke4 Ra5 59. Rh6 Kb7 60. Kd3 Ra6 61.
Rxh5 Kc6 62. Ke4 Ra4 63. Rh6+ Kb5 64. Kd5 Rb4 65. Rh8 Rb3 66. Ra8 Rb4 67.
Bc3 Rb3 68. Rb8+ Ka4 69. Rc8 Kb5 70. Rc6 Ka4 71. Kc4 Rb4+ 72. Kd3 Kb5 73.
Bxb4 Kxc6 1/2-1/2

[Event "Sinquefield Cup 2025"]
[Site "Saint Louis"]
[Date "20.08.2025"]
[Round "3"]
[White "Duda, Jan-Krzysztof"]
[Black "So, Wesley"]
[Result "1/2-1/2"]
[WhiteElo "2725"]
[BlackElo "2745"]
[EventDate "2025.08.16"]

1. d4 Nf6 2. c4 e6 3. Nf3 d5 4. Nc3 Bb4 5. Bg5 h6 6. Bxf6 Qxf6 7. e3 O-O 8.
Qb3 c5 9. cxd5 exd5 10. dxc5 Bxc3+ 11. Qxc3 Qxc3+ 12. bxc3 Nd7 13. Rd1 Nf6
14. Nd4 Bd7 15. f3 Rfc8 16. Nb3 Ba4 17. Rd4 Bxb3 18. axb3 Rxc5 19. Kd2 Rac8
20. Bd3 Ra5 21. Rb1 Rc7 22. Bc2 Kf8 23. Ra4 Rxa4 24. bxa4 Nd7 25. Bb3 Rc5
26. Ba2 b6 27. Rb5 a6 28. Rb4 Ke7 29. Rd4 Nf6 30. Rb4 Nd7 31. Rd4 Nf6 32.
Rb4 Nd7 1/2-1/2

[Event "Sinquefield Cup 2025"]
[Site "Saint Louis"]
[Date "21.08.2025"]
[Round "4"]
[White "So, Wesley"]
[Black "Firouzja, Alireza"]
[Result "1/2-1/2"]
[WhiteTitle "GM"]
[BlackTitle "GM"]
[WhiteElo "2745"]
[BlackElo "2766"]
[WhiteFideId "5202213"]
[BlackFideId "12573981"]
[EventDate "2025.08.18"]

1. e4 c6 2. d4 d5 3. e5 Bf5 4. Nf3 e6 5. Be2 Ne7 6. O-O h6 7. Nbd2 Nd7 8. Nb3 g5
9. a4 Bg7 10. a5 Rc8 11. c3 O-O 12. Re1 c5 13. Bb5 c4 14. Bxd7 Qxd7 15. Nc5 Qb5
16. h4 g4 17. Nh2 h5 18. Nf1 Rxc5 19. dxc5 Nc6 20. Ng3 Bg6 21. Qd2 Qxc5 22. Nxh5
Bxh5 23. Qg5 Bg6 24. h5 Qe7 25. Qxe7 Nxe7 26. hxg6 Nxg6 27. Be3 Nxe5 28. Bxa7
Nd3 29. Reb1 Rc8 30. Kf1 f5 31. Ke2 Nf4+ 32. Kf1 Nd3 33. Ke2 Nf4+ 34. Kf1 Nd3
35. Ke2 1/2-1/2

[Event "Sinquefield Cup 2025"]
[Site "Saint Louis"]
[Date "21.08.2025"]
[Round "4"]
[White "Aronian, Levon"]
[Black "Duda, Jan-Krzysztof"]
[Result "1/2-1/2"]
[WhiteTitle "GM"]
[BlackTitle "GM"]
[WhiteElo "2737"]
[BlackElo "2725"]
[WhiteFideId "13300474"]
[BlackFideId "1170546"]
[EventDate "2025.08.18"]

1. d4 d5 2. c4 e6 3. Nc3 c5 4. cxd5 exd5 5. Nf3 Nc6 6. dxc5 d4 7. Na4 Bxc5 8.
Nxc5 Qa5+ 9. Qd2 Qxc5 10. e3 dxe3 11. Qxe3+ Qxe3+ 12. Bxe3 Nge7 13. Bc4 O-O 14.
O-O h6 15. Rfe1 Rd8 16. h3 Nd5 17. Bd2 Be6 18. Rac1 Nc7 19. Bf4 Bxc4 20. Bxc7
Rd7 21. Rxc4 Rxc7 22. Nd4 Rd8 23. Nxc6 Rxc6 24. Rxc6 bxc6 25. Re2 Rd1+ 26. Kh2
Kf8 27. g4 Rc1 28. Kg2 c5 29. a3 c4 30. Re5 c3 31. bxc3 Rxc3 32. a4 a6 33. Re4
Ra3 34. Rb4 Ke7 35. Rb7+ Kf8 36. Rb8+ Ke7 37. Rb7+ Kf8 38. Rb8+ Ke7 39. Rb7+ 1/2-1/2

[Event "Sinquefield Cup 2025"]
[Site "Saint Louis"]
[Date "21.08.2025"]
[Round "4"]
[White "Gukesh, Dommaraju"]
[Black "Vachier-Lagrave, Maxime"]
[Result "1/2-1/2"]
[WhiteTitle "GM"]
[BlackTitle "GM"]
[WhiteElo "2776"]
[BlackElo "2736"]
[WhiteFideId "46616543"]
[BlackFideId "623539"]
[EventDate "2025.08.18"]

1. d4 Nf6 2. Nf3 d5 3. c4 c5 4. dxc5 e6 5. Be3 Nc6 6. Nc3 dxc4 7. Qxd8+ Nxd8 8.
Rd1 Nd5 9. Nxd5 exd5 10. Rxd5 Be6 11. Rd1 Rc8 12. Bd4 f6 13. e4 Bxc5 14. Bxc5
Rxc5 15. Nd4 Bd7 16. Kd2 Nf7 17. Ke3 Ke7 18. f3 Rhc8 19. Be2 h5 20. h4 Nd6 21.
Rhe1 Ra5 22. Ra1 f5 23. b3 Re5 24. Kf4 Kf6 25. Bd1 Rce8 26. Bc2 fxe4 27. fxe4
g5+ 28. hxg5+ Rxg5 29. Bd1 Nf5 30. Nxf5 Rxf5+ 31. Kg3 cxb3 32. axb3 a6 33. Bf3
Rb5 34. Re3 Ree5 35. Be2 Rb4 36. Rf1+ Ke7 37. Bc4 Be6 38. Bxe6 Kxe6 39. Kh4
Rbxe4+ 40. Rxe4 Rxe4+ 41. Kxh5 Re3 42. Rb1 Rg3 43. Rb2 Kf5 44. Kh4 Rg4+ 45. Kh3
Rb4 46. Rf2+ Kg5 47. Rf3 a5 48. Kg3 b5 49. Rc3 a4 50. bxa4 bxa4 51. Rc5+ Kg6 52.
Ra5 Rb3+ 53. Kf4 Rb4+ 54. Kg3 Rb3+ 55. Kf4 Rb4+ 56. Kg3 Rb3+ 1/2-1/2

[Event "Sinquefield Cup 2025"]
[Site "Saint Louis"]
[Date "21.08.2025"]
[Round "4"]
[White "Praggnanandhaa, Rameshbabu"]
[Black "Sevian, Samuel"]
[Result "1/2-1/2"]
[WhiteTitle "GM"]
[BlackTitle "GM"]
[WhiteElo "2779"]
[BlackElo "2683"]
[WhiteFideId "25059530"]
[BlackFideId "2040506"]
[EventDate "2025.08.18"]

1. c4 e6 2. Nc3 d5 3. d4 c5 4. cxd5 exd5 5. Nf3 Nc6 6. Bg5 Be7 7. Bxe7 Ngxe7 8.
e3 c4 9. Be2 O-O 10. O-O Rb8 11. b3 b5 12. bxc4 bxc4 13. e4 dxe4 14. Nxe4 Bg4
15. Bxc4 Bxf3 16. Qxf3 Qxd4 17. Bb3 Qe5 18. Rfe1 Nd4 19. Nf6+ Qxf6 20. Qxf6 gxf6
21. Rxe7 Nxb3 22. axb3 Rxb3 23. g3 Ra8 24. Raxa7 Rxa7 25. Rxa7 Kg7 26. Ra6 Rb4
27. Ra7 Rb3 28. Ra6 Rb4 29. Ra7 Rb3 1/2-1/2

[Event "Sinquefield Cup 2025"]
[Site "Saint Louis"]
[Date "21.08.2025"]
[Round "4"]
[White "Abdusattorov, Nodirbek"]
[Black "Caruana, Fabiano"]
[Result "0-1"]
[WhiteTitle "GM"]
[BlackTitle "GM"]
[WhiteElo "2771"]
[BlackElo "2784"]
[WhiteFideId "14204118"]
[BlackFideId "2020009"]
[EventDate "2025.08.18"]

1. c4 e6 2. Nc3 d5 3. d4 Nf6 4. cxd5 exd5 5. Bg5 Be7 6. e3 h6 7. Bh4 Bg4 8. Qc2
O-O 9. h3 Be6 10. Nf3 Ne8 11. Bg3 Bd6 12. Bd3 Bxg3 13. fxg3 Nd7 14. g4 c5 15.
O-O-O Rc8 16. g5 cxd4 17. exd4 hxg5 18. g4 g6 19. Bxg6 Qf6 20. Bh7+ Kg7 21. Rdf1
b5 22. h4 b4 23. hxg5 Qf4+ 24. Kb1 bxc3 25. Bf5 Rh8 26. Rxh8 Kxh8 27. Bxe6 fxe6
28. Rh1+ Kg7 29. Rh7+ Kf8 30. g6 Ndf6 0-1

[Event "Sinquefield Cup 2025"]
[Site "Saint Louis"]
[Date "22.08.2025"]
[Round "5"]
[White "Duda, Jan-Krzysztof"]
[Black "Gukesh, Dommaraju"]
[Result "1/2-1/2"]
[WhiteElo "2725"]
[BlackElo "2776"]
[EventDate "2025.08.16"]

1. d4 d5 2. c4 e6 3. Nf3 Nf6 4. Nc3 Nbd7 5. e3 a6 6. b3 b6 7. cxd5 exd5 8.
Bb2 Bb7 9. g3 Bd6 10. Bg2 Qe7 11. a4 h5 12. Qc1 Ne4 13. Nxe4 dxe4 14. Nd2
h4 15. Ba3 Qe6 16. Bxd6 cxd6 17. Qa3 Nf6 18. Nc4 Rd8 19. Nxb6 a5 20. gxh4
Rxh4 21. Rc1 Ba6 22. b4 Qg4 23. Bf1 Qf3 24. b5 Ng4 25. Qa2 Qxh1 26. Rc7 Qf3
27. bxa6 Rxh2 28. Qe2 Rxf2 29. Qxf3 exf3 30. a7 Rb2 31. Nc8 Nxe3 32. Nxd6+
Kf8 33. Rxf7+ Kg8 34. Rxf3 Nxf1 35. Kxf1 Ra8 36. Rf7 Rb4 37. Rc7 Kh7 38.
Nc8 Rxd4 39. Nb6 Rf8+ 40. Ke2 Re8+ 41. Kf3 Rd3+ 42. Kf2 Rd2+ 43. Kf3 Rd3+
44. Kf2 Rd2+ 45. Kf3 Rd3+ 1/2-1/2

[Event "Sinquefield Cup 2025"]
[Site "Saint Louis"]
[Date "22.08.2025"]
[Round "5"]
[White "Caruana, Fabiano"]
[Black "So, Wesley"]
[Result "1/2-1/2"]
[WhiteElo "2784"]
[BlackElo "2745"]
[EventDate "2025.08.16"]

1. Nf3 Nf6 2. c4 c5 3. Nc3 e6 4. e4 Nc6 5. d4 cxd4 6. Nxd4 Bb4 7. Nxc6 bxc6
8. Bd3 e5 9. O-O O-O 10. h3 Bxc3 11. bxc3 d5 12. exd5 cxd5 13. Bg5 dxc4 14.
Bxc4 Qc7 15. Bxf6 Qxc4 16. Bxe5 Bf5 17. Bd4 Rfe8 18. Qf3 Bg6 19. Rfe1 a6
20. Re7 Rad8 21. Qb7 Rxe7 22. Qxe7 Qc8 23. Re1 f6 24. Qe6+ Bf7 25. Qxc8
Rxc8 26. a3 Rb8 27. Re7 Rb3 28. Ra7 Bc4 29. g4 h6 30. f4 Rxa3 31. g5 hxg5
32. fxg5 Bf7 33. gxf6 gxf6 34. Kh2 Kg7 35. h4 Ra5 36. Rc7 Rf5 37. Kg3 Kg6
38. c4 a5 39. c5 Bd5 40. Rd7 Rf3+ 41. Kh2 Rh3+ 42. Kxh3 Be6+ 43. Kg3 Bxd7
44. Kf4 a4 45. Bb2 Bc6 46. Kg4 Bd7+ 47. Kf4 Bc6 48. Kg4 Bd7+ 49. Kf4
1/2-1/2

[Event "Sinquefield Cup 2025"]
[Site "Saint Louis"]
[Date "22.08.2025"]
[Round "5"]
[White "Sevian, Samuel"]
[Black "Abdusattorov, Nodirbek"]
[Result "1/2-1/2"]
[WhiteElo "2683"]
[BlackElo "2771"]
[EventDate "2025.08.16"]

1. e4 e5 2. Nf3 Nc6 3. Bc4 Nf6 4. d3 Bc5 5. c3 O-O 6. O-O d6 7. Re1 a6 8.
Nbd2 Ba7 9. Nf1 Na5 10. Bb3 Nxb3 11. axb3 Ng4 12. d4 exd4 13. Nxd4 Ne5 14.
Be3 Bxd4 15. Bxd4 Nc6 16. b4 Be6 17. f4 f6 18. Ng3 Qd7 19. h3 Rae8 20. Re3
Bf7 21. Kh2 Kh8 22. Qd2 Bg6 23. Rae1 Re7 24. b3 Rfe8 25. c4 Nxd4 26. Qxd4
h6 27. Qd5 b6 28. Qd2 Bh7 29. Qd4 Re6 30. R3e2 R8e7 31. Qa1 f5 32. e5 Bg6
33. exd6 Rxe2 34. dxe7 Rxe7 35. Rxe7 Qxe7 36. Qxa6 Qxb4 37. Qc8+ Kh7 38.
Qxc7 Qxb3 39. h4 Qb2 40. h5 Be8 41. Qc8 Qf6 42. Qxf5+ Qxf5 43. Nxf5 Bxh5
44. Ne7 Bf7 45. Nc8 Bxc4 46. Nxb6 Bb3 47. Nd7 Kg6 48. g4 Be6 49. Ne5+ Kf6
50. Kg3 g5 51. Nf3 Bxg4 52. fxg5+ hxg5 53. Kxg4 Ke6 54. Kxg5 1/2-1/2